| 000 | 01050cam a2200313 a 4500 | ||
|---|---|---|---|
| 001 | 1084959 | ||
| 003 | Nust | ||
| 005 | 20220207131950.0 | ||
| 008 | 910816s1991 pk acf 000 0aeng | ||
| 010 | _a 91930585 | ||
| 020 |
_a9780552142397 _cRs. 396 |
||
| 038 | _aArshad | ||
| 040 |
_aDLC _cDLC _dDLC |
||
| 043 | _aa-pk--- | ||
| 050 | 0 | 0 |
_aDS392.P8 _bD87 1991 |
| 082 | 0 | 0 |
_a954.91405092 _bDUR |
| 100 | 1 |
_aDurrani, Tehmina. _911075 |
|
| 245 | 1 | 0 |
_aMy feudal lord / _cTehmina Durrani. |
| 260 |
_a[Lahore ] : _bT. Durrani, _c1994. |
||
| 300 |
_aii, 365 p., [22] p. of plates : _bill., ports. ; _c23 cm. |
||
| 563 | _aPBK. | ||
| 600 | 1 | 0 |
_aDurrani, Tehmina. _911075 |
| 610 | 2 | 0 |
_aKhar, Muṣt̤afá, _d1937- _911076 |
| 650 | 0 |
_aGovernors' spouses _zPakistan _zPunjab _xBiography. _911077 |
|
| 650 | 0 |
_aGovernors _zPakistan _zPunjab _xBiography. _911078 |
|
| 906 |
_a7 _bcbc _corignew _d2 _encip _f19 _gy-gencatlg |
||
| 942 |
_2ddc _cBK |
||
| 999 |
_c174602 _d174602 |
||